000
002760000a22001090004500
100
1
_a
Salem, Luis D.
245
1
0
_a
La Biblia y sus jardines
300
_a
Vol.49, núm.210 (1994), Páginas 8-9
650
1
4
_a
BIBLIA-JARDINES
773
0
_t
La Biblia en las Américas
942
_c
ANA
999
_c
62913
_d
62913